书目信息 |
| 题名: |
一头想要被吃掉的猪
|
|
| 作者: | 巴吉尼 著 ;吴奕俊 译 | |
| 分册: | ||
| 出版信息: | 北京 中信出版集团股份有限公司 2016 |
|
| 页数: | 13,320页 | |
| 开本: | 21cm | |
| 丛书名: | ||
| 单 册: | ||
| 中图分类: | B-49 | |
| 科图分类: | ||
| 主题词: | 哲学--通俗读物 | |
| 电子资源: | ||
| ISBN: | 978-7-5086-5723-3 | |
| 000 | 01144nam0 2200265 450 | |
| 001 | 0103813673 | |
| 005 | 20160928095533.0 | |
| 010 | @a978-7-5086-5723-3@dCNY48.00 | |
| 100 | @a20160419d2016 em y0chiy0120 ea | |
| 101 | 1 | @achi@ceng |
| 102 | @aCN@b110000 | |
| 105 | @ay z 000yy | |
| 106 | @ar | |
| 200 | 1 | @a一头想要被吃掉的猪@9Yi Tou Xiang Yao Bei Chi Diao De;Di Zhu @e100个思想实验@f朱利安·巴吉尼(Julian Baggini)著@g吴奕俊译@b专著@dThe pig that wants to be eaten and 99 other thought experiments@zeng |
| 210 | @a北京@c中信出版集团股份有限公司@d2016 | |
| 215 | @a13,320页@d21cm | |
| 330 | @a本书集合了100个非常有趣的思考,有的来自哲学大师的作品,有的则来自科幻经典。全书以这些思考为引导,介绍了古今哲学家们提出的各种经典问题,涵盖了伦理学、形而上学、现象学、宗教哲学等内容。 | |
| 510 | 1 | @aPig that wants to be eaten and 99 other thought experiments@zeng |
| 517 | 1 | @a100个思想实验@9100 ge si xiang shi yan |
| 606 | 0 | @a哲学@j通俗读物 |
| 690 | @aB-49@v5 | |
| 701 | 0 | @c(英)@a巴吉尼@c(Baggini, Julian)@4著@9ba ji ni |
| 702 | 0 | @a吴奕俊@f(1985~)@4译@9wu yi jun |
| 801 | 0 | @aCN@bAZmarc@c20230903 |
| 905 | @aBZT@dB@e23@f1@sB/23 | |
| 一头想要被吃掉的猪:100个思想实验/朱利安·巴吉尼(Julian Baggini)著/吴奕俊译=The pig that wants to be eaten and 99 other thought experiments.-北京:中信出版集团股份有限公司,2016 |
| 13,320页;21cm |
| ISBN 978-7-5086-5723-3:CNY48.00 |
| 本书集合了100个非常有趣的思考,有的来自哲学大师的作品,有的则来自科幻经典。全书以这些思考为引导,介绍了古今哲学家们提出的各种经典问题,涵盖了伦理学、形而上学、现象学、宗教哲学等内容。 |
| ● |
| 相关链接 |
|
|
|
正题名:一头想要被吃掉的猪
索取号:B/23
 
预约/预借
| 序号 | 登录号 | 条形码 | 馆藏地/架位号 | 状态 | 备注 |
| 1 | 2000154999 | 2000154999 | 旧书回溯/ [索取号:B/23] | 在馆 |